000 00763cam a2200157 4500500
005 20260301002224.0
041 _afre
042 _adc
100 1 0 _aSalin, Dominique
_eauthor
245 0 0 _aPages de début
260 _c2025.
500 _a98
520 _aRésuméSi, depuis le Nouveau Roman, la modernité semble avoir privé le roman de sa vocation narrative, le Policier, tout au contraire, assume pleinement cette fonction fondamentale de la littérature. Les auteurs de Policiers paraissent, de nos jours, être les seuls à savoir encore ce que raconter une histoire veut dire.
786 0 _nFuturibles | 470 | 1 | 2025-12-30 | p. 1-2 | 0337-307X
856 4 1 _uhttps://shs.cairn.info/revue-futuribles-2026-1-page-1?lang=fr&redirect-ssocas=7080
999 _c1674870
_d1674870